000 02802cgm a2200625Ka 4500
001 ocn758519712
003 OCoLC
005 20241220131802.0
008 111025s2012 xxu061 a vaeng d
007 vd cvaizs
040 _aTEFMT
_cTEFMT
_dTEF
_dKYB
_dUINTA
024 1 _a884487111455
028 4 2 _aH181786
_bHit Entertainment
035 _a(OCoLC)758519712
037 _bMidwest Tape
_nhttp://www.midwesttapes.com
041 1 _aeng
_afre
_aspa
_jeng
_heng
050 4 _aPN1992.77
_b.A6445 2012
082 0 4 _a791.45/72
_223
049 _aUCLB
092 _a791.457
130 0 _aAngelina Ballerina (Television program).
_kSelections.
_96230285
245 1 0 _aAngelina ballerina.
_pSweet valentine
_h[videorecording] /
_cdirector, Davis Doi.
246 3 0 _aSweet valentine
260 _a[United States] :
_bHit Entertainment,
_c[2012]
300 _a1 videodisc (61 min.) :
_bsd., col. ;
_c4 3/4 in.
538 _aDVD ; 2.0 Dolby digital ; widescreen.
546 _aEnglish, French or Spanish dialogue; Closed-captioned.
500 _aTitle from web page.
500 _aRelease date: Jan. 3, 2012.
511 0 _aVoices: Charlotte Spencer, Leah Zabari, Naomi MacDonald.
500 _aOriginally broadcast on PBS and Sprout as episodes of the television program in 2011.
521 _aRating: Not rated.
520 _aLove and friendship take center stage in these sweet stories. Angelina uncovers the mystery of her secret admirer with some help from her friends. Angelina and Alice help Marco realize the true importance of helping his friends. The students celebrate Ms. Mimi and although it may have been for the wrong reason, they do it with a lot of heart! And when Angelina and her girlfriends try to make a girls' club, they realize a friendship club is much sweeter.
500 _aSpecial features: Angelina's special dance club ; Get up and dance music video.
650 0 _aFriendship
_vJuvenile films.
_95675516
650 0 _aMice
_vJuvenile films.
_95705009
650 7 _aAmistad
_vTeatro juvenil.
_2bidex
_95777031
650 7 _aRatones
_vTeatro juvenil.
_2bidex
_95770060
650 4 _aChildren's films.
_96230286
650 4 _aAnimated.
_96230287
650 4 _aPreschool.
_96230288
655 7 _aChildren's television programs.
_2lcgft
_96230289
655 7 _aAnimated television programs.
_2lcgft
_96230290
655 7 _aVideo recordings for the hearing impaired.
_2lcgft
_96230291
700 1 _aDoi, Davis.
_966799
700 1 _aSpencer, Charlotte.
_95675545
700 1 _aZabari, Leah.
_95867900
700 1 _aMacdonald, Naomi.
_95867899
710 2 _aHIT Entertainment.
_966216
710 2 _aPublic Broadcasting Service (U.S.)
_927534
710 2 _aSprout (Television network)
_95859882
942 _cDVD
_0253
994 _aC0
_bUINTA
998 _aa148935
999 _c81803
_d81803